[Event "Scarborough CC Falling Leaves U1800"]
[Site "Toronto CAN"]
[Date "2012.12.06"]
[Round "6"]
[White "Dattani, Dinesh"]
[Black "Morra, Lui"]
[Result "1-0"]
[WhiteElo "1419"]
[BlackElo "1642"]
[PlyCount "57"]
[GameId "2160767909572865"]
[EventDate "2012.01.11"]
[EventType "swiss"]
[EventRounds "7"]
[EventCountry "CAN"]

1. e4 c5 2. Nf3 Nc6 3. d4 cxd4 4. Nxd4 d6 5. Nc3 g6 6. Be2 Bg7 7. Be3 Nf6 8. f3 O-O 9. Qd2 Re8 10. O-O-O Bd7 11. g4 Kh8 12. g5 Ng8 13. Bc4 Ne5 14. Bb3 Rc8 15. h4 Nc4 16. Qd3 Ne5 17. Qe2 a6 18. h5 b5 19. Bxf7 b4 20. hxg6 h6 21. gxh6 bxc3 22. hxg7+ Kxg7 23. Rh7+ Kf8 24. Qh2 cxb2+ 25. Kb1 e6 26. Bxe8 Kxe8 27. Rh8 Kf8 28. Qh6+ Ke7 29. Qg7+ 1-0

[Event "Scarborough CC Falling Leaves U1800"]
[Site "Toronto CAN"]
[Date "2012.12.06"]
[Round "6"]
[White "Kurkowski, Ken"]
[Black "Graham, John"]
[Result "1/2-1/2"]
[WhiteElo "1537"]
[BlackElo "1409"]
[PlyCount "54"]
[GameId "2160767909572866"]
[EventDate "2012.01.11"]
[EventType "swiss"]
[EventRounds "7"]
[EventCountry "CAN"]

1. d4 e6 2. c4 Nf6 3. Nc3 Bb4 4. e3 O-O 5. Bd3 b6 6. Nge2 Bb7 7. O-O Be7 8. Ng3 d5 9. cxd5 exd5 10. Bd2 c6 11. Rc1 Nbd7 12. Re1 Re8 13. e4 dxe4 14. Ncxe4 c5 15. dxc5 Nxc5 16. Nxc5 Bxc5 17. Bc4 Rxe1+ 18. Qxe1 Ng4 19. Ne4 Bxe4 20. Qxe4 Nxf2 21. Qf3 Nd3+ 22. Kf1 Ne5 23. Qe4 Qf6+ 24. Bf4 Re8 25. Ke2 Qe7 26. Qxe5 Qxe5+ 27. Bxe5 Rxe5+ 1/2-1/2

[Event "Scarborough CC Falling Leaves U1800"]
[Site "Toronto CAN"]
[Date "2012.12.06"]
[Round "6"]
[White "Liu, Daniel"]
[Black "Azizi, Hamid"]
[Result "1-0"]
[WhiteElo "1299"]
[BlackElo "1494"]
[PlyCount "69"]
[GameId "2160767909572867"]
[EventDate "2012.01.11"]
[EventType "swiss"]
[EventRounds "7"]
[EventCountry "CAN"]

1. e4 Nc6 2. Nf3 g6 3. Bc4 Bg7 4. d3 e6 5. Nc3 Nge7 6. Bf4 d6 7. O-O a6 8. Rb1 Nd4 9. Be3 c5 10. a3 O-O 11. Bxd4 cxd4 12. Ne2 b5 13. Ba2 Nc6 14. h3 Re8 15. Ng3 Qa5 16. Re1 b4 17. Qd2 Rb8 18. Bb3 Bd7 19. axb4 Nxb4 20. Ra1 Qb6 21. e5 Qc5 22. exd6 Qxd6 23. Ne4 Qb6 24. Qf4 Nxd3 25. cxd3 Qxb3 26. Nf6+ Bxf6 27. Qxf6 Bb5 28. Ne5 Rb7 29. Rad1 Qxb2 30. Ng4 Qb4 31. Nh6+ Kf8 32. Re4 Qc5 33. Rde1 Qh5 34. Rxe6 Rxe6 35. Rxe6 1-0

[Event "Scarborough CC Falling Leaves U1800"]
[Site "Toronto CAN"]
[Date "2012.12.13"]
[Round "7"]
[White "Armstrong, Robert J"]
[Black "Lin, Benjamin"]
[Result "1-0"]
[WhiteElo "1606"]
[BlackElo "1448"]
[PlyCount "83"]
[GameId "2160767909572868"]
[EventDate "2012.01.11"]
[EventType "swiss"]
[EventRounds "7"]
[EventCountry "CAN"]

1. g3 d5 2. Bg2 e5 3. c4 c6 4. Qb3 Nf6 5. d3 Be7 6. Bg5 d4 7. Nd2 O-O 8. Bxf6 Bxf6 9. Ne4 Be7 10. O-O-O Nd7 11. Nf3 Rb8 12. g4 b5 13. Qc2 a5 14. c5 b4 15. g5 Qc7 16. h4 Qa7 17. Bh3 Qc7 18. Rdg1 Re8 19. h5 Nf8 20. Nf6+ Bxf6 21. gxf6 g6 22. Qd2 Qd8 23. Qg5 e4 24. hxg6 fxg6 25. Ne5 Rb7 26. Bxc8 Qxc8 27. f7+ Rxf7 28. Nxf7 Kxf7 29. dxe4 Rxe4 30. Rxh7+ Ke8 31. Rh8 Kf7 32. Rxf8+ Kxf8 33. Qf6+ Ke8 34. Qxg6+ Kd7 35. Qxe4 Kc7 36. Rg7+ Kb8 37. Qe5+ Ka8 38. Rc7 Qb8 39. Qd6 Qe8 40. Rxc6 Kb7 41. Rb6+ Ka8 42. Qc7 1-0

[Event "Scarborough CC Howard Ridout"]
[Site "Toronto CAN"]
[Date "2012.10.25"]
[Round "7"]
[White "Picana, Andrew"]
[Black "Manalo, Pepin"]
[Result "1-0"]
[WhiteElo "2139"]
[BlackElo "1844"]
[PlyCount "107"]
[GameId "2160767909445179"]
[EventDate "2012.09.13"]
[EventType "swiss"]
[EventRounds "7"]
[EventCountry "CAN"]

1. c4 e6 2. Nf3 b6 3. g3 Bb7 4. Bg2 Nf6 5. O-O d5 6. b3 Be7 7. Bb2 O-O 8. Nc3 d4 9. Nb5 c5 10. d3 a6 11. Na3 Nbd7 12. e3 e5 13. Re1 Re8 14. exd4 exd4 15. Nc2 Qc7 16. Qd2 h6 17. Re2 Bd6 18. Rae1 Rxe2 19. Rxe2 Re8 20. Nce1 Rxe2 21. Qxe2 Bc6 22. Bc1 a5 23. a4 Ne5 24. Nxe5 Bxg2 25. Nxf7 Bh3 26. Nxd6 Qxd6 27. Bf4 Qd7 28. Qe5 Kh7 29. f3 Bf5 30. Kf2 Bg6 31. g4 Qf7 32. Kg3 Nd7 33. Qe2 h5 34. h4 Nf6 35. Qe5 Nd7 36. Qd6 Qe8 37. Kf2 hxg4 38. fxg4 Qd8 39. h5 Bf7 40. Nf3 Qe8 41. Ng5+ Kg8 42. Ne4 Be6 43. Kg3 Bf7 44. h6 gxh6 45. Qxd7 Qxd7 46. Nf6+ Kg7 47. Nxd7 Bg6 48. Nxb6 Bxd3 49. Nd7 Bc2 50. Nxc5 Kg6 51. Bd2 h5 52. gxh5+ Kxh5 53. Bxa5 Kg5 54. Ne6+ 1-0

[Event "Scarborough CC Howard Ridout"]
[Site "Toronto CAN"]
[Date "2012.10.27"]
[Round "7"]
[White "Sharpe, Sam"]
[Black "Southam, David"]
[Result "1-0"]
[WhiteElo "1970"]
[BlackElo "2206"]
[PlyCount "143"]
[GameId "2160767909445180"]
[EventDate "2012.09.13"]
[EventType "swiss"]
[EventRounds "7"]
[EventCountry "CAN"]

1. e4 e6 2. d4 d5 3. e5 c5 4. c3 Nc6 5. Nf3 Bd7 6. a3 c4 7. g3 Na5 8. Nbd2 Bc6 9. Bg2 Qd7 10. O-O Ba4 11. Qe2 O-O-O 12. Ne1 h5 13. f4 Ne7 14. Ndf3 Nf5 15. Nh4 Nxh4 16. gxh4 g6 17. Be3 Nc6 18. Nf3 Ne7 19. Ng5 Nf5 20. Bf2 Nh6 21. Rae1 Be7 22. Bh3 Kb8 23. Bg3 Ka8 24. Rf3 Rc8 25. Rf2 Rc6 26. Qf3 Bd8 27. Rfe2 Ba5 28. Bf2 Bb3 29. Be3 Qe7 30. Rc1 a6 31. Bf2 Rc7 32. Be1 Bb6 33. Bf2 Ba7 34. Rce1 b6 35. Qg3 Rcc8 36. Qf3 Bb8 37. Bg3 Ka7 38. Bf2 Bc7 39. Bg3 Bd8 40. Bf2 Qe8 41. Bg3 Rc7 42. Bf2 Rb7 43. Bg3 Be7 44. Ra1 Bf8 45. Rae1 Qa4 46. Qf2 Bd1 47. Rd2 Bg4 48. Bf1 Bf5 49. Be2 Qd7 50. Bf3 Be7 51. Bd1 b5 52. Bc2 Bxc2 53. Rxc2 Bxg5 54. hxg5 Nf5 55. h4 a5 56. Kh2 Ra8 57. Rb1 b4 58. axb4 axb4 59. b3 Kb8 60. Qd2 bxc3 61. Qxc3 Ra3 62. Rcb2 Qc7 63. Bf2 cxb3 64. Qxc7+ Kxc7 65. Kg1 Rb5 66. Kf1 Kb6 67. Ke2 Ka5 68. Kd3 Ka4 69. Be1 Ra2 70. Kc3 Rxb2 71. Kxb2 Nxd4 72. Ra1# 1-0

[Event "Scarborough CC Howard Ridout U1400"]
[Site "Toronto CAN"]
[Date "2012.09.20"]
[Round "2"]
[White "Pishdad, Hassan"]
[Black "Thanabalachandran, Luxiga"]
[Result "1-0"]
[WhiteElo "1254"]
[BlackElo "862"]
[PlyCount "87"]
[GameId "2160767909445181"]
[EventDate "2012.09.13"]
[EventType "swiss"]
[EventRounds "7"]
[EventCountry "CAN"]

1. d4 e6 2. c4 d5 3. cxd5 exd5 4. a3 Nc6 5. Nc3 Nf6 6. e3 Bd6 7. Bb5 Bd7 8. Qb3 Be6 9. Nge2 Qd7 10. O-O O-O 11. Qd1 a6 12. Ba4 b5 13. Bc2 b4 14. axb4 Bxb4 15. Qd3 a5 16. Nf4 Ne7 17. Nxe6 Qxe6 18. Nb5 Qc6 19. g4 g6 20. f3 Rfe8 21. Ba4 Red8 22. g5 Nh5 23. e4 Rab8 24. Na7 Qa8 25. Nb5 Qa6 26. Bd2 Bxd2 27. Qxd2 Rxb5 28. Bxb5 Qxb5 29. Rxa5 Qb3 30. Ra3 Qc4 31. Rc3 Qb4 32. Rd1 f6 33. gxf6 Nxf6 34. e5 Nd7 35. Qc2 Nf5 36. Rcd3 c5 37. dxc5 Nxc5 38. Rxd5 Rxd5 39. Rxd5 Na4 40. Rd8+ Kg7 41. Rd7+ Kh6 42. Qc1+ Kh5 43. Rxh7+ Nh6 44. Qxh6# 1-0

[Event "Scarborough CC Howard Ridout U1400"]
[Site "Toronto CAN"]
[Date "2012.09.27"]
[Round "3"]
[White "Marcelino, Daryl"]
[Black "Pishdad, Hassan"]
[Result "0-1"]
[WhiteElo "1001"]
[BlackElo "1254"]
[PlyCount "100"]
[GameId "2160767909445182"]
[EventDate "2012.09.13"]
[EventType "swiss"]
[EventRounds "7"]
[EventCountry "CAN"]

1. e4 c5 2. d4 cxd4 3. Qxd4 Nc6 4. Qe3 e6 5. Bb5 Nge7 6. Ne2 a6 7. Bc4 d5 8. exd5 Nxd5 9. Qe4 Nf6 10. Qh4 b5 11. Bb3 Na5 12. Nd2 Bb7 13. O-O Be7 14. c3 Ne4 15. Qf4 Nxd2 16. Bxd2 Nxb3 17. axb3 h6 18. b4 Bg5 19. Qd4 Qxd4 20. cxd4 Bxd2 21. Nc3 O-O 22. Rad1 Bf4 23. g3 Bd6 24. d5 e5 25. f3 Bxb4 26. d6 Bc5+ 27. Kg2 Bd4 28. Rd2 Rad8 29. Ne4 Bxe4 30. fxe4 Rxd6 31. Rc2 Rfd8 32. b4 Be3 33. Kh3 h5 34. Rc7 R8d7 35. Rc8+ Kh7 36. Rf8 f6 37. Rf5 Bg5 38. Rf2 Rd4 39. Ra8 R7d6 40. Rc2 Rxb4 41. Rcc8 Rxe4 42. Rh8+ Kg6 43. Kg2 b4 44. Kf3 Red4 45. h4 Bh6 46. Rhb8 Rd3+ 47. Kg2 b3 48. Rb7 Rd2+ 49. Kh3 R6d3 50. Rxa6 Bf4 0-1

[Event "Scarborough CC Howard Ridout U1400"]
[Site "Toronto CAN"]
[Date "2012.10.04"]
[Round "4"]
[White "Pishdad, Hassan"]
[Black "Ming, Qing"]
[Result "1-0"]
[WhiteElo "1259"]
[BlackElo "1083"]
[PlyCount "93"]
[GameId "2160767909445183"]
[EventDate "2012.09.13"]
[EventType "swiss"]
[EventRounds "7"]
[EventCountry "CAN"]

1. d4 d5 2. c4 e6 3. e3 Nf6 4. cxd5 exd5 5. Bd3 Bb4+ 6. Nc3 O-O 7. a3 Bxc3+ 8. bxc3 Ne4 9. Bxe4 dxe4 10. Ne2 Bg4 11. Qc2 Re8 12. Ng3 Qe7 13. h3 Bh5 14. Nxh5 Nd7 15. a4 c5 16. Ba3 b6 17. O-O Qh4 18. Ng3 Kh8 19. dxc5 bxc5 20. Rfd1 Qe7 21. c4 Qe6 22. Rd5 Rac8 23. Bb2 f6 24. a5 a6 25. Rad1 Rcd8 26. Rd6 Qe7 27. Nxe4 Qxe4 28. Qxe4 Rxe4 29. Rxd7 Rc8 30. Rc1 Kg8 31. Rd5 Rb8 32. Ba3 Rc8 33. Bxc5 Kf7 34. Bd4 Re7 35. Rd6 Re6 36. Rxe6 Kxe6 37. f3 f5 38. c5 g6 39. Rb1 Rc6 40. Rb6 Rxb6 41. axb6 Kd7 42. Kf2 a5 43. Ke2 a4 44. Kd3 a3 45. Kc4 Kc6 46. f4 h6 47. Kb3 1-0

[Event "Scarborough CC Howard Ridout U1400"]
[Site "Toronto CAN"]
[Date "2012.10.11"]
[Round "5"]
[White "Liu, Daniel"]
[Black "Pishdad, Hassan"]
[Result "0-1"]
[WhiteElo "1214"]
[BlackElo "1259"]
[PlyCount "84"]
[GameId "2160767909445184"]
[EventDate "2012.09.13"]
[EventType "swiss"]
[EventRounds "7"]
[EventCountry "CAN"]

1. e4 c5 2. Nf3 e6 3. Nc3 d5 4. exd5 exd5 5. d4 c4 6. Be3 h6 7. h3 Bb4 8. Qd2 Nf6 9. Qd1 Bxc3+ 10. bxc3 Ne4 11. Bd2 O-O 12. Be2 Nc6 13. O-O Qa5 14. Kh1 Qa3 15. Qc1 Qd6 16. Bf4 Qe6 17. Re1 Nxf2+ 18. Kg1 Ne4 19. Bf1 Qg6 20. Nh4 Qf6 21. Nf3 Nxc3 22. Qe3 Ne4 23. Bxc4 dxc4 24. Qxe4 Bf5 25. Qe2 Bxc2 26. Be5 Bd3 27. Bxf6 Bxe2 28. Bxg7 Kxg7 29. Rxe2 Rfe8 30. Rae1 Rxe2 31. Rxe2 Rd8 32. Kf2 Rd5 33. Rc2 b5 34. a4 a6 35. axb5 axb5 36. Ke3 f5 37. g4 Kf6 38. gxf5 Rxf5 39. Ke4 Rh5 40. h4 Ke6 41. Rd2 Nb4 42. d5+ Nxd5 0-1

[Event "Scarborough CC Howard Ridout U1400"]
[Site "Toronto CAN"]
[Date "2012.10.18"]
[Round "6"]
[White "Pishdad, Hassan"]
[Black "Wang, Edward"]
[Result "1-0"]
[WhiteElo "1259"]
[BlackElo "1051"]
[PlyCount "96"]
[GameId "2160767909445185"]
[EventDate "2012.09.13"]
[EventType "swiss"]
[EventRounds "7"]
[EventCountry "CAN"]

1. d4 d5 2. c4 c6 3. Nc3 Nf6 4. e3 Bf5 5. cxd5 cxd5 6. h3 Nc6 7. Nf3 e6 8. Bd3 Bxd3 9. Qxd3 Bb4 10. a3 Ba5 11. O-O O-O 12. b4 Bc7 13. b5 Na5 14. Rb1 Nc4 15. Nd2 Qd6 16. f4 Nxa3 17. Bxa3 Qxa3 18. Ra1 Qd6 19. Nb3 b6 20. Nd2 Rfc8 21. Nf3 Bd8 22. Ne5 Nd7 23. Nc6 Rc7 24. Ra6 Nb8 25. Nxb8 Rxb8 26. Na4 Rbc8 27. Ra1 Rc1+ 28. Rxc1 Rxc1+ 29. Kh2 Ra1 30. Rxa7 Qb8 31. Ra6 g5 32. Qc3 Ra2 33. Qc6 Qc7 34. Qxc7 Bxc7 35. Kg3 gxf4+ 36. exf4 Ra3+ 37. Kg4 f5+ 38. Kh5 Bxf4 39. Nxb6 Rb3 40. Ra5 Bd2 41. Ra8+ Kf7 42. Ra7+ Kf6 43. Nd7+ Ke7 44. Nc5+ Kd6 45. Nxb3 Be3 46. Rxh7 e5 47. b6 exd4 48. b7 d3 1-0

[Event "Scarborough CC Howard Ridout U1800"]
[Site "Toronto CAN"]
[Date "2012.09.13"]
[Round "1"]
[White "Azizi, Hamid"]
[Black "Armstrong, Robert J"]
[Result "1-0"]
[WhiteElo "1455"]
[BlackElo "1652"]
[PlyCount "97"]
[GameId "2160767909445186"]
[EventDate "2012.09.13"]
[EventType "swiss"]
[EventRounds "7"]
[EventCountry "CAN"]

1. e4 g6 2. d4 Bg7 3. Bc4 d6 4. Be3 Nf6 5. f3 O-O 6. Nc3 Nc6 7. Nge2 e5 8. d5 Ne7 9. Qd2 c6 10. O-O cxd5 11. exd5 Nh5 12. g4 Nf6 13. Ng3 e4 14. g5 Nd7 15. Ngxe4 Ne5 16. Be2 Bh3 17. Rfd1 Nf5 18. Bf2 h6 19. f4 Ng4 20. Qd3 Nxf2 21. Nxf2 hxg5 22. Nxh3 Bd4+ 23. Kh1 gxf4 24. Qxf5 gxf5 25. Rxd4 Qh4 26. Nxf4 Qf2 27. Rg1+ Kh8 28. Rd3 Qxg1+ 29. Kxg1 Rg8+ 30. Kf2 Rg5 31. h4 Rg7 32. Nh5 Rg6 33. Nf4 Rg7 34. Re3 Rag8 35. Re7 Rg1 36. Rxf7 Rh1 37. h5 Rh2+ 38. Ke1 Rg1+ 39. Kd2 Kg8 40. Rxb7 Rh4 41. Ng6 Rh2 42. Rxa7 Rgg2 43. Kd3 Rf2 44. Ke3 Rfg2 45. a4 Rh3+ 46. Kd2 Rxh5 47. Nf4 Rhh2 48. Nxg2 Rxg2 49. Ke3 1-0

[Event "Scarborough CC Howard Ridout U1800"]
[Site "Toronto CAN"]
[Date "2012.09.20"]
[Round "2"]
[White "Armstrong, Robert J"]
[Black "Kaneshalingam, Mathanhe"]
[Result "0-1"]
[WhiteElo "1652"]
[BlackElo "1311"]
[PlyCount "82"]
[GameId "2160767909445187"]
[EventDate "2012.09.13"]
[EventType "swiss"]
[EventRounds "7"]
[EventCountry "CAN"]

1. g3 d5 2. Bg2 Nf6 3. c4 c6 4. Qb3 e6 5. d4 Be7 6. Nc3 O-O 7. Bg5 Nbd7 8. h4 h6 9. Bxf6 Nxf6 10. Nf3 Qc7 11. c5 b6 12. cxb6 axb6 13. Rc1 c5 14. Nb5 Qb7 15. Ne5 Bd7 16. Nxd7 Qxd7 17. O-O c4 18. Rxc4 dxc4 19. Qxc4 Rac8 20. Qb3 Rfd8 21. e4 Ne8 22. d5 exd5 23. exd5 Nd6 24. Nd4 Qc7 25. Nc6 Re8 26. Bh3 Ra8 27. Rc1 Qb7 28. a3 Bf8 29. Qc3 Nb5 30. Qd3 Nd6 31. Qc3 f5 32. Qf3 Qf7 33. Nd4 g6 34. Ne6 Rac8 35. Re1 Rc2 36. Qb3 Rd2 37. Bg2 Ne4 38. Qxb6 Bg7 39. b4 Qd7 40. Bxe4 Qxd5 41. Qe3 Rxe6 0-1

[Event "Scarborough CC Howard Ridout U1800"]
[Site "Toronto CAN"]
[Date "2012.09.27"]
[Round "3"]
[White "Bercovici, Mark"]
[Black "Armstrong, Robert J"]
[Result "0-1"]
[WhiteElo "1388"]
[BlackElo "1652"]
[PlyCount "72"]
[GameId "2160767909445188"]
[EventDate "2012.09.13"]
[EventType "swiss"]
[EventRounds "7"]
[EventCountry "CAN"]

1. e4 g6 2. d4 Bg7 3. c4 d6 4. Nf3 Nf6 5. Nc3 O-O 6. Be3 Ng4 7. Qd2 Nxe3 8. fxe3 Nc6 9. Be2 e5 10. d5 Ne7 11. h4 h6 12. Ng1 f5 13. O-O-O fxe4 14. Nxe4 Bd7 15. g4 Qe8 16. Nh3 b5 17. c5 dxc5 18. Nxc5 Rd8 19. e4 Nc8 20. Nb7 Nd6 21. Nxd8 Qxd8 22. Qe3 Qxh4 23. Rdf1 Rxf1+ 24. Rxf1 Bxg4 25. Bxg4 Qxg4 26. Nf2 Qf4 27. Qxf4 exf4 28. b3 g5 29. Kd2 Kh7 30. Rc1 Ne8 31. Rc5 Bd4 32. Rxb5 Bxf2 33. e5 Kg7 34. Rb7 Kf8 35. Rb8 Ke7 36. Rb7 Kd8 0-1

[Event "Scarborough CC Howard Ridout U1800"]
[Site "Toronto CAN"]
[Date "2012.10.04"]
[Round "4"]
[White "Armstrong, Robert J"]
[Black "Azmitia, Gabriel"]
[Result "1-0"]
[WhiteElo "1652"]
[BlackElo "1484"]
[PlyCount "65"]
[GameId "2160767909445189"]
[EventDate "2012.09.13"]
[EventType "swiss"]
[EventRounds "7"]
[EventCountry "CAN"]

1. g3 g6 2. Bg2 Bg7 3. c4 c5 4. Qb3 Qc7 5. Nc3 Nf6 6. d3 O-O 7. Nd5 Nxd5 8. cxd5 a5 9. Bf4 d6 10. Rc1 a4 11. Qc2 Bd7 12. e4 Na6 13. a3 Qa5+ 14. Bd2 Qc7 15. Bc3 Rac8 16. Bxg7 b5 17. h4 Bg4 18. Qd2 h6 19. Qf4 Qd7 20. Bh3 Bxh3 21. Qf3 e5 22. Qe3 f5 23. f4 Kh7 24. fxe5 dxe5 25. Rxc5 Rxc5 26. Qxc5 Rc8 27. Nf3 Qxd5 28. Nd4 Qa2 29. Kd1 Qa1+ 30. Kc2 Qa2 31. Kd1 Qa1+ 32. Kc2 Qa2 33. Kd1 1-0

[Event "Scarborough CC Howard Ridout U1800"]
[Site "Toronto CAN"]
[Date "2012.10.11"]
[Round "5"]
[White "Sharpe, Sam"]
[Black "Lamb, Bryan"]
[Result "1-0"]
[WhiteElo "1970"]
[BlackElo "2111"]
[PlyCount "113"]
[GameId "2160767909445190"]
[EventDate "2012.09.13"]
[EventType "swiss"]
[EventRounds "7"]
[EventCountry "CAN"]

1. e4 e6 2. d4 d5 3. e5 c5 4. c3 Ne7 5. Nf3 Nec6 6. a3 a5 7. Be2 b6 8. O-O Ba6 9. Nbd2 Be7 10. b3 cxd4 11. cxd4 Qc8 12. Bb2 Bxe2 13. Qxe2 Qa6 14. Qe3 O-O 15. h4 Ra7 16. h5 h6 17. Rac1 Rc8 18. Nh2 Nd7 19. Ng4 Rac7 20. Nf3 Nf8 21. Rc3 Na7 22. Rfc1 Nb5 23. Rxc7 Rxc7 24. Rxc7 Nxc7 25. Bc1 Qb7 26. a4 Qc6 27. Bd2 Nd7 28. Qd3 Bf8 29. Nh4 Nb8 30. f4 Be7 31. Nf3 Nba6 32. Qc3 Qxc3 33. Bxc3 Nb4 34. Bxb4 Bxb4 35. Ne3 b5 36. axb5 Nxb5 37. Nc2 Be7 38. Kf2 Kf8 39. Ke3 Ke8 40. Kd3 Kd7 41. g4 Kc6 42. g5 Na3 43. Nxa3 Bxa3 44. g6 fxg6 45. hxg6 Bc1 46. f5 exf5 47. Nh4 f4 48. Nf5 h5 49. Nxg7 h4 50. Ke2 h3 51. Kf3 Ba3 52. Ne6 h2 53. Kg2 f3+ 54. Kxh2 Kd7 55. g7 f2 56. Kg2 Kxe6 57. g8=Q+ 1-0

[Event "Scarborough CC Howard Ridout U1800"]
[Site "Toronto CAN"]
[Date "2012.10.11"]
[Round "5"]
[White "Zhao, Yanchun"]
[Black "Armstrong, Robert J"]
[Result "1/2-1/2"]
[WhiteElo "1530"]
[BlackElo "1652"]
[PlyCount "93"]
[GameId "2160767909445191"]
[EventDate "2012.09.13"]
[EventType "swiss"]
[EventRounds "7"]
[EventCountry "CAN"]

1. e4 g6 2. d4 Bg7 3. Nf3 d6 4. h3 Nf6 5. Nc3 O-O 6. Bc4 Nxe4 7. Nxe4 d5 8. Bd3 dxe4 9. Bxe4 Nd7 10. c3 Nf6 11. Bd3 b6 12. O-O Bb7 13. Re1 Rc8 14. Bf4 c5 15. dxc5 Rxc5 16. Bg3 Rd5 17. Nd4 Nh5 18. Be4 Nxg3 19. Bxd5 Qxd5 20. Nf3 Nf5 21. Qxd5 Bxd5 22. Rad1 e6 23. Rd3 Rc8 24. Ne5 b5 25. a3 Rc7 26. Ng4 h5 27. Ne5 a5 28. g3 Bf8 29. Ra1 Bc5 30. b4 Bb6 31. Rad1 Kg7 32. g4 hxg4 33. Nxg4 Nd6 34. bxa5 Bxa5 35. Ne3 Nc4 36. Nxd5 exd5 37. Rxd5 Bxc3 38. Rxb5 Nxa3 39. Rb3 Nc2 40. Rc1 Nd4 41. Rb2 Bxb2 42. Rxc7 Ne2+ 43. Kg2 Nf4+ 44. Kg3 Be5 45. Rc4 Ne2+ 46. Kf3 Nc3 47. h4 1/2-1/2

[Event "Scarborough CC Howard Ridout U1800"]
[Site "Toronto CAN"]
[Date "2012.10.18"]
[Round "6"]
[White "Armstrong, Robert J"]
[Black "Dattani, Dinesh"]
[Result "1-0"]
[WhiteElo "1652"]
[BlackElo "1327"]
[PlyCount "61"]
[GameId "2160767909445192"]
[EventDate "2012.09.13"]
[EventType "swiss"]
[EventRounds "7"]
[EventCountry "CAN"]

1. b3 g6 2. Bb2 Nf6 3. e4 d6 4. g3 e5 5. Bg2 Bg4 6. f3 Be6 7. Nc3 Nc6 8. Nh3 h6 9. d3 Qd7 10. Nf2 O-O-O 11. Qd2 Bg7 12. a4 Kb8 13. Ba3 Nd4 14. b4 a6 15. O-O g5 16. Rfb1 c6 17. Ne2 g4 18. Nxd4 exd4 19. f4 Qc7 20. b5 Bc8 21. bxa6 b6 22. Qb4 Ka7 23. Qxd4 Nh5 24. e5 dxe5 25. Qc4 exf4 26. Rxb6 Qxb6 27. Bc5 Bxa1 28. Bxb6+ Kxb6 29. Qxc6+ Ka7 30. a5 Bd7 31. Qb6# 1-0

[Event "Scarborough CC Howard Ridout U1800"]
[Site "Toronto CAN"]
[Date "2012.10.18"]
[Round "6"]
[White "Paterson, Jim"]
[Black "Ming, Wenyang"]
[Result "1-0"]
[WhiteElo "1771"]
[BlackElo "1700"]
[PlyCount "57"]
[GameId "2160767909445193"]
[EventDate "2012.09.13"]
[EventType "swiss"]
[EventRounds "7"]
[EventCountry "CAN"]

1. e4 c5 2. Nc3 Nc6 3. f4 g6 4. Nf3 Bg7 5. g3 a6 6. a4 d6 7. Bg2 Bg4 8. O-O Nd4 9. Nd5 e6 10. Ne3 Bxf3 11. Bxf3 Ne7 12. Bg2 O-O 13. c3 Ndc6 14. f5 gxf5 15. exf5 Nc8 16. d3 e5 17. Qh5 f6 18. Bd5+ Kh8 19. Bf7 N8e7 20. Bg6 Nxg6 21. fxg6 h6 22. Ng4 Qd7 23. Bxh6 Bxh6 24. Nxh6 Qg7 25. Nf5+ Kg8 26. Nxg7 Rf7 27. Qh7+ Kf8 28. Ne6+ Ke7 29. Qxf7# 1-0

[Event "Scarborough CC Howard Ridout U1800"]
[Site "Toronto CAN"]
[Date "2012.10.25"]
[Round "7"]
[White "Guo, Thomas"]
[Black "Armstrong, Robert J"]
[Result "1/2-1/2"]
[WhiteElo "1353"]
[BlackElo "1652"]
[PlyCount "136"]
[GameId "2160767909445194"]
[EventDate "2012.09.13"]
[EventType "swiss"]
[EventRounds "7"]
[EventCountry "CAN"]

1. e4 g6 2. d4 Bg7 3. Nf3 d6 4. Nc3 Nf6 5. Bc4 Nxe4 6. Bxf7+ Kxf7 7. Nxe4 Re8 8. O-O Kg8 9. c3 d5 10. Ng3 Nc6 11. Qb3 e5 12. dxe5 Nxe5 13. Nxe5 Rxe5 14. Bf4 Re8 15. Rad1 c6 16. Rfe1 b6 17. c4 d4 18. c5+ Kh8 19. cxb6 Rxe1+ 20. Rxe1 axb6 21. Qf7 Ba6 22. Bc7 Qg8 23. Qxg8+ Kxg8 24. Bxb6 d3 25. b3 Bc3 26. Rd1 Re8 27. Be3 d2 28. h3 c5 29. Bxd2 Rd8 30. Ne4 Bb4 31. f3 Bb7 32. Nf6+ Kf7 33. Ng4 Rxd2 34. Rxd2 Bxd2 35. Ne5+ Ke6 36. Nc4 Bc3 37. Kf2 Bd4+ 38. Kg3 Kf6 39. Na5 Bc8 40. Nc6 Bc3 41. f4 Be1+ 42. Kh2 Bf5 43. g4 Bb1 44. a3 Ba2 45. b4 c4 46. Nd4 Bf2 47. Nc2 c3 48. Kg2 Ba7 49. Kf3 Bb1 50. Ne1 c2 51. Nd3 Ba2 52. Nc1 Bd5+ 53. Ke2 Be4 54. Kd2 h5 55. Nb3 hxg4 56. hxg4 g5 57. fxg5+ Kxg5 58. Nc5 Bg6 59. a4 Kxg4 60. a5 Bb8 61. Nb3 Bf4+ 62. Kc3 c1=Q+ 63. Nxc1 Bxc1 64. b5 Be4 65. Kd4 Kf4 66. b6 Be3+ 67. Kc4 Bb7 68. Kb5 Bxb6 1/2-1/2

[Event "Scarborough CC Jack Frost"]
[Site "Toronto CAN"]
[Date "2012.01.05"]
[Round "1"]
[White "Fan, Yibing"]
[Black "Zhang, Yuanchen"]
[Result "1-0"]
[WhiteElo "1755"]
[BlackElo "2022"]
[PlyCount "97"]
[GameId "2160767909573006"]
[EventDate "2012.01.05"]
[EventType "swiss"]
[EventRounds "6"]
[EventCountry "CAN"]
[SourceTitle "EXT 2022"]
[Source "ChessBase"]
[SourceDate "2021.10.06"]
[SourceVersion "1"]
[SourceVersionDate "2021.10.06"]
[SourceQuality "1"]

1. d4 Nf6 2. c4 e6 3. Nf3 Bb4+ 4. Bd2 Qe7 5. a3 Bxd2+ 6. Nbxd2 d5 7. c5 Nbd7 8. e3 O-O 9. Bd3 e5 10. dxe5 Nxe5 11. Nxe5 Qxe5 12. Qc2 Bd7 13. Nf3 Qe7 14. O-O h6 15. Nd4 Ng4 16. Rae1 Ne5 17. Be2 Rfe8 18. b4 c6 19. Rc1 Rec8 20. Qc3 b5 21. f4 Nc4 22. Bxc4 bxc4 23. Rf3 f5 24. Rg3 Qf6 25. Qd2 Rc7 26. Nf3 Be8 27. Ne5 a5 28. Rf3 Rb7 29. Rff1 axb4 30. axb4 Ra4 31. Rb1 Qd8 32. Rb2 Qb8 33. Rfb1 Rb5 34. Qc3 Qa7 35. Qc2 Ra3 36. Qxf5 Rxe3 37. Qe6+ Qf7 38. Qxf7+ Bxf7 39. Nxc6 c3 40. Nd4 cxb2 41. Nxb5 Rb3 42. Nd6 Rxb4 43. c6 Be6 44. f5 Ra4 45. Rxb2 Bxf5 46. Nxf5 Rc4 47. Rb7 Kf8 48. c7 Ke8 49. Nd6+ 1-0

[Event "Scarborough CC Jack Frost"]
[Site "Toronto CAN"]
[Date "2012.01.05"]
[Round "1"]
[White "Huston, Scott"]
[Black "Picana, Andrew"]
[Result "1-0"]
[WhiteElo "1784"]
[BlackElo "2092"]
[PlyCount "94"]
[GameId "2160767909573007"]
[EventDate "2012.01.05"]
[EventType "swiss"]
[EventRounds "6"]
[EventCountry "CAN"]
[SourceTitle "EXT 2022"]
[Source "ChessBase"]
[SourceDate "2021.10.06"]
[SourceVersion "1"]
[SourceVersionDate "2021.10.06"]
[SourceQuality "1"]

1. d4 e6 2. c4 f5 3. Nc3 d5 4. cxd5 exd5 5. Nf3 Nf6 6. Bg5 Be7 7. Qb3 c6 8. e3 O-O 9. Bd3 Kh8 10. Ne5 Ne4 11. Bxe7 Qxe7 12. Nxe4 fxe4 13. Be2 a5 14. f4 exf3 15. gxf3 a4 16. Qc3 a3 17. b3 Nd7 18. f4 Qh4+ 19. Kd2 Nf6 20. Qb4 Kg8 21. Raf1 Ne4+ 22. Kc1 Bh3 23. Nf3 Qf6 24. Re1 Rfb8 25. Ne5 Qh4 26. Bf3 Nf2 27. Rhg1 Qf6 28. Qd2 Ne4 29. Bxe4 dxe4 30. Rg3 Bf5 31. Reg1 g6 32. Rg5 Kh8 33. h4 Rg8 34. Qb4 Rab8 35. Qc4 Rgf8 36. h5 Be6 37. Qe2 gxh5 38. Qxh5 Rg8 39. Ng6+ Kg7 40. Ne7+ Kh8 41. Nxg8 Rxg8 42. Rxg8+ Bxg8 43. Qe8 Qe6 44. Qxe6 Bxe6 45. Rg5 Bd5 46. f5 h6 47. Rg6 Kh7 1-0